000
00286nam a2200121Ia 4500
082
_a
616.075
_b
C06L
100
_a
LAKHKAR,BHUSHAN N
245
_a
CONCISE RADIOLOGY FOR UG STUDENTS
250
_a
1ST
260
_b
ARYA PUB.
_a
DELHI
_c
2006
650
_a
RADIOLOGY & DIAGNOSIS
942
_2
ddc
_c
BK
999
_c
955
_d
955